Liquidity of Banking Sector of Kazakhstan

Bibliographic Details
Main Author: Baitore Aigerim
Other Authors: Vallyon Dr. Andrea
Format: Thesis
Kulcsszavak:Likviditás
Bank szektor
Kazahsztrán
Pénzügy
Online Access:http://dolgozattar.uni-bge.hu/20636

MARC

LEADER 00000nta a2200000 i 4500
001 dolg20636
005 20200219103328.0
008 190506suuuu hu om 000 eng d
040 |a BGE Dolgozattár Repozitórium  |b hun 
041 |a en 
100 1 |a Baitore Aigerim 
245 1 0 |a Liquidity of Banking Sector of Kazakhstan  |c Baitore Aigerim  |h [elektronikus dokumentum] 
246 1 1 |a Liquidity of Banking Sector of Kazakhstan 
520 3 |a This paper examines general change the liquidity of the banking sector of Kazakhstan after devaluation in 2014 from the financial perspectives. Liquidity is one of the key traits of the bank activities which enables to analyze its financial stability. And it should be noted that asset quality is the primary reason for several Kazakh banks’ failures and liquidity issues. During this thesis, changes in the banking sector, new regulatory requirements and consolidation of the banks going to be studied and the results will be reported. I hope that further researches upon the matter of liquidity will continue to take place. 
695 |a Likviditás 
695 |a Bank szektor 
695 |a Kazahsztrán 
695 |a Pénzügy 
700 1 |a Vallyon Dr. Andrea  |e ths 
856 4 0 |u http://dolgozattar.uni-bge.hu/20636/1/FINALturnitin.pdf  |z Dokumentum-elérés